Brain, mind, and the signifying body : (Record no. 124191)
[ view plain ]
| 000 -LEADER | |
|---|---|
| fixed length control field | 01142cam a2200313 a 4500 |
| 001 - CONTROL NUMBER | |
| control field | 13731815 |
| 003 - CONTROL NUMBER IDENTIFIER | |
| control field | ARRUPE |
| 005 - DATE AND TIME OF LATEST TRANSACTION | |
| control field | 20160229103347.0 |
| 008 - FIXED-LENGTH DATA ELEMENTS--GENERAL INFORMATION | |
| fixed length control field | 040927s2004 enka b 001 0 eng c |
| 010 ## - LIBRARY OF CONGRESS CONTROL NUMBER | |
| LC control number | 2004556650 |
| 020 ## - INTERNATIONAL STANDARD BOOK NUMBER | |
| International Standard Book Number | 0826469655 |
| 035 ## - SYSTEM CONTROL NUMBER | |
| System control number | (OCoLC)ocm55910641 |
| 040 ## - CATALOGING SOURCE | |
| Original cataloging agency | UkLeU |
| Transcribing agency | UkLeU |
| Modifying agency | CU |
| -- | DLC |
| 042 ## - AUTHENTICATION CODE | |
| Authentication code | pcc |
| 050 00 - LIBRARY OF CONGRESS CALL NUMBER | |
| Classification number | P99.4.S62 |
| Item number | T43 2004 |
| 082 00 - DEWEY DECIMAL CLASSIFICATION NUMBER | |
| Classification number | 302.2 |
| Edition number | 22 |
| 300 ## - PHYSICAL DESCRIPTION | |
| Other physical details | ill. ; |
| Dimensions | 25 cm. |
| 100 1# - MAIN ENTRY--PERSONAL NAME | |
| Personal name | Thibault, Paul J. |
| 9 (RLIN) | 22345 |
| 245 10 - TITLE STATEMENT | |
| Title | Brain, mind, and the signifying body : |
| Remainder of title | an ecosocial semiotic theory / |
| Statement of responsibility, etc | Paul J. Thibault ; with a foreword by M.A.K. Halliday. |
| 260 ## - PUBLICATION, DISTRIBUTION, ETC. (IMPRINT) | |
| Place of publication, distribution, etc | London ; |
| -- | New York : |
| Name of publisher, distributor, etc | Continuum, |
| Date of publication, distribution, etc | 2004. |
| 300 ## - PHYSICAL DESCRIPTION | |
| Extent | xv, 344 p. : |
| 440 #0 - SERIES STATEMENT/ADDED ENTRY--TITLE | |
| Title | Open linguistics series |
| 9 (RLIN) | 22346 |
| 504 ## - BIBLIOGRAPHY, ETC. NOTE | |
| Bibliography, etc | Includes bibliographical references (p. [318]-330) and indexes. |
| 650 #0 - SUBJECT ADDED ENTRY--TOPICAL TERM | |
| Topical term or geographic name as entry element | Semiotics |
| General subdivision | Social aspects. |
| 9 (RLIN) | 22347 |
| 650 #0 - SUBJECT ADDED ENTRY--TOPICAL TERM | |
| Topical term or geographic name as entry element | Psycholinguistics. |
| 9 (RLIN) | 22348 |
| 650 #0 - SUBJECT ADDED ENTRY--TOPICAL TERM | |
| Topical term or geographic name as entry element | Discourse analysis. |
| 9 (RLIN) | 16007 |
| 906 ## - LOCAL DATA ELEMENT F, LDF (RLIN) | |
| a | 7 |
| b | cbc |
| c | pccadap |
| d | 2 |
| e | ncip |
| f | 20 |
| g | y-gencatlg |
| 942 ## - ADDED ENTRY ELEMENTS (KOHA) | |
| Source of classification or shelving scheme | Library of Congress Classification |
| Koha item type | Monograph ( Printed materials) |
| Withdrawn status | Lost status | Source of classification or shelving scheme | Damaged status | Not for loan | Collection code | Home library | Current library | Shelving location | Date acquired | Total Checkouts | Full call number | Barcode | Date last seen | Price effective from | Koha item type |
|---|---|---|---|---|---|---|---|---|---|---|---|---|---|---|---|
| Library of Congress Classification | Main Collection | ARRUPE LIBRARY | ARRUPE LIBRARY | Main Collection | 16/02/2016 | P99.4.S62 2004 | 46500006235 | 26/02/2019 | 16/02/2016 | Monograph ( Printed materials) |